[Event "FRA-chT 9900"]
[Site "France"]
[Date "2000.04.02"]
[Round "7.1"]
[White "Lautier, Joel"]
[Black "Vaisser, Anatoli"]
[Result "1-0"]
[WhiteElo "2632"]
[BlackElo "2549"]
[PlyCount "77"]
[EventDate "1999.02.04"]
[Source "ChessBase"]
[SourceDate "2000.07.27"]

1. Nf3 f5 2. g3 Nf6 3. Bg2 g6 4. d4 Bg7 5. c4 d6 6. b3 Nc6 7. Bb2 Ne4 8. O-O O-O 9. Nbd2 e6 10. Nxe4 fxe4 11. Ne1 d5 12. e3 Ne7 13. f3 exf3 14. Nxf3 Bd7 15. Qe2 Bc6 16. Ba3 Qd7 17. Rad1 Rad8 18. g4 dxc4 19. bxc4 Bxf3 20. Bxf3 c6 21. Bg2 e5 22. d5 cxd5 23. cxd5 Rxf1+ 24. Rxf1 Nc8 25. Qf3 Nd6 26. Bxd6 Qxd6 27. Qf7+ Kh8 28. Qxb7 Qc5 29. Kh1 Rf8 30. Rd1 Rd8 31. d6 Qxe3 32. Qe7 Qb6 33. g5 Rf8 34. d7 Qd8 35. Qd6 Rf7 36. Qe6 Rf8 37. Rc1 Qxg5 38. Rc8 h5 39. Qf7 1-0

[Event "Soviet Union"]
[Site "Soviet Union"]
[Date "1978.??.??"]
[Round "?"]
[White "Kochiev, Aleksandr V"]
[Black "Tal, Mikhail N"]
[Result "1/2-1/2"]
[WhiteElo "2555"]
[BlackElo "2625"]
[PlyCount "63"]
[EventDate "1978.??.??"]
[Source "www.chesslib.no"]
[SourceDate "2004.05.04"]

1. Nf3 g6 2. c4 Bg7 3. d4 d6 4. g3 f5 5. Bg2 Nf6 6. O-O O-O 7. d5 c6 8. Nd4 c5 9. Nf3 Na6 10. Nc3 Nc7 11. a4 Kh8 12. Rb1 b6 13. b3 a6 14. b4 a5 15. bxc5 bxc5 16. Bb2 e5 17. dxe6 Bxe6 18. Ng5 Ra6 19. Nxe6 Nxe6 20. Qd2 Ng4 21. Nd5 Qd7 22. Nb6 Qe7 23. Bxg7+ Qxg7 24. h3 Ne5 25. Qxd6 Nd4 26. e3 Ne2+ 27. Kh2 Nc3 28. Rb3 Nxc4 29. Qd3 Rxb6 30. Qxc4 Rxb3 31. Qxb3 Ne4 32. Qc2 1/2-1/2

[Event "Vlissingen HZ op"]
[Site "Vlissingen"]
[Date "1998.??.??"]
[Round "5"]
[White "Chuchelov, Vladimir"]
[Black "Gurevich, Mikhail"]
[Result "0-1"]
[WhiteElo "2545"]
[BlackElo "2635"]
[PlyCount "182"]
[EventDate "1998.07.??"]
[Source "ChessBase"]
[SourceDate "1998.09.30"]

1. Nf3 d6 2. d4 f5 3. g3 Nf6 4. Bg2 g6 5. O-O Bg7 6. c4 O-O 7. Nc3 Qe8 8. b3 e5 9. dxe5 dxe5 10. e4 Nc6 11. Nd5 Qd7 12. Ba3 Rd8 13. exf5 e4 14. Ng5 gxf5 15. Rb1 h6 16. Nxf6+ Bxf6 17. Qxd7 Rxd7 18. Ne6 Kf7 19. Nf4 Rd2 20. Nd5 Be5 21. Bc1 Rxa2 22. Bxh6 Be6 23. Bf4 Bxf4 24. Nxf4 Nd4 25. Rfe1 Bd7 26. b4 Rd8 27. Ra1 Rxa1 28. Rxa1 a6 29. Nd5 Be6 30. Ne3 Nb3 31. Rb1 Nd2 32. Rd1 Kf6 33. h4 Ke5 34. Ra1 Rd4 35. Nc2 Rd7 36. c5 Bb3 37. Rc1 Rd3 38. Ne3 Rd4 39. Bh3 Be6 40. c6 b6 41. h5 Rxb4 42. h6 Rd4 43. h7 Rd8 44. Rd1 Nf3+ 45. Kg2 Rh8 46. Bxf5 Bxf5 47. Rd5+ Ke6 48. Rxf5 Rxh7 49. Rf4 Rh2+ 50. Kf1 Kd6 51. Ke2 Nd4+ 52. Kf1 Nxc6 53. Rxe4 b5 54. Ke2 a5 55. g4 a4 56. g5 a3 57. Re8 a2 58. Ra8 Nd4+ 59. Kd3 Nb3 60. g6 Rh1 61. g7 Rg1 62. Nf5+ Kc6 63. Ng3 Nc5+ 64. Ke2 Na4 65. g8=Q a1=Q 66. Ra6+ Kc5 67. Qf8+ Kc4 68. Rc6+ Kb3 69. Qf7+ Ka3 70. Qf3+ Kb4 71. Qf4+ Kb3 72. Qf7+ Ka3 73. Qf3+ Ka2 74. Qd5+ Ka3 75. Qd3+ Kb4 76. Ne4 Qf1+ 77. Ke3 Qxd3+ 78. Kxd3 Rg7 79. f4 Nb2+ 80. Kc2 Nc4 81. Kd3 Rd7+ 82. Ke2 Na5 83. Re6 Nb3 84. Ke3 c5 85. f5 Nd4 86. Rb6 Nxf5+ 87. Kf4 Nd4 88. Ke3 c4 89. Rb8 Nc2+ 90. Ke2 c3 91. Rc8 Nd4+ 0-1

[Event "LXIV Campionato polacco"]
[Site "Opole POL"]
[Date "2007.02.11"]
[Round "3"]
[White "Kempinski, R."]
[Black "Bartel, Mat"]
[Result "1/2-1/2"]
[WhiteElo "2590"]
[BlackElo "2587"]
[PlyCount "89"]
[EventDate "2007.02.09"]
[Source "www.chesslib.no"]
[SourceDate "2004.05.04"]

1. Nf3 f5 2. c4 g6 3. g3 Bg7 4. d4 Nf6 5. Bg2 O-O 6. O-O d6 7. b4 Ne4 8. Bb2 c6 9. Nc3 a5 10. b5 a4 11. Rc1 cxb5 12. cxb5 d5 13. Nxa4 Qa5 14. Nc3 Nxc3 15. Rxc3 Qxb5 16. Rb3 Qa6 17. Ra3 Qxa3 18. Bxa3 Rxa3 19. Ne5 Bxe5 20. dxe5 e6 21. Qc1 Rxa2 22. Qc7 Na6 23. Qc3 Ra4 24. Rb1 Rc4 25. Qa3 Rc7 26. e3 Bd7 27. Bf1 Nc5 28. Rc1 Rfc8 29. h4 Kf7 30. Be2 Ne4 31. Rxc7 Rxc7 32. f3 Rc3 33. Qa5 Nxg3 34. Qd8 Nxe2+ 35. Kf2 Bc8 36. Kxe2 Kg7 37. Qe7+ Kg8 38. Kf2 Rc4 39. Kg3 b5 40. Qe8+ Kg7 41. Qxb5 Kh6 42. Qe8 Kh5 43. e4 dxe4 44. fxe4 fxe4 45. Kf4 1/2-1/2

[Event "Rubinstein Mem"]
[Site "Polanica Zdroj POL"]
[Date "2007.08.20"]
[Round "3"]
[White "Kuzubov, Y."]
[Black "Bartel, Mat"]
[Result "1-0"]
[WhiteElo "2568"]
[BlackElo "2609"]
[PlyCount "63"]
[EventDate "2007.08.18"]
[Source "www.chesslib.no"]
[SourceDate "2004.05.04"]

1. d4 f5 2. g3 Nf6 3. Bg2 g6 4. Nf3 Bg7 5. O-O O-O 6. c4 c6 7. Nc3 Na6 8. Rb1 Ne4 9. Qc2 d6 10. b4 Kh8 11. Nxe4 fxe4 12. Ng5 d5 13. b5 Nc7 14. bxc6 bxc6 15. cxd5 cxd5 16. Bf4 Ne6 17. Nxe6 Bxe6 18. Qc6 Bg4 19. e3 Rf6 20. Qc5 Qd7 21. Rfc1 Raf8 22. Rb2 R6f7 23. Qc6 Qf5 24. h3 Bxh3 25. Bxh3 Qxh3 26. Qxd5 g5 27. Be5 h5 28. Bxg7+ Rxg7 29. Rc6 Qg4 30. Rh6+ Rh7 31. Qe5+ Kg8 32. Rg6+ 1-0

[Event "Campionato europeo 2007"]
[Site "Dresda GER"]
[Date "2007.04.04"]
[Round "2"]
[White "Iljin, Artem"]
[Black "Gurevich, Mikhail"]
[Result "1/2-1/2"]
[WhiteElo "2538"]
[BlackElo "2639"]
[PlyCount "80"]
[EventDate "2007.04.03"]
[Source "www.chesslib.no"]
[SourceDate "2004.05.04"]

1. d4 d6 2. Nf3 g6 3. c4 f5 4. Nc3 Nf6 5. g3 Bg7 6. Bg2 O-O 7. O-O Qe8 8. d5 Na6 9. Rb1 c6 10. dxc6 bxc6 11. b4 Bd7 12. a3 Nc7 13. Bb2 Rb8 14. Ba1 a5 15. Na4 axb4 16. axb4 c5 17. b5 h6 18. Qd3 Kh7 19. Nd2 Be6 20. Bc3 f4 21. gxf4 Bf5 22. Ne4 Ne6 23. e3 Nh5 24. Bxg7 Kxg7 25. Nac3 g5 26. fxg5 Qg6 27. Nd5 Nxg5 28. Qc3+ e5 29. Nxg5 Bxb1 30. Ne6+ Qxe6 31. Rxb1 Rxf2 32. Kxf2 Qf5+ 33. Bf3 Qxb1 34. Bxh5 Rf8+ 35. Bf3 Qh1 36. e4 Qxh2+ 37. Ke1 Qg3+ 38. Ke2 Qh2+ 39. Ke1 Qg3+ 40. Ke2 Qh2+ 1/2-1/2

[Event "Biel"]
[Site "?"]
[Date "1995.??.??"]
[Round "?"]
[White "Gavrikov, V."]
[Black "Kindermann, S."]
[Result "1/2-1/2"]
[WhiteElo "2605"]
[BlackElo "2565"]
[PlyCount "31"]
[EventDate "1995.??.??"]
[Source "ChessBase"]
[SourceDate "1995.06.01"]

1. d4 f5 2. Nf3 Nf6 3. c4 g6 4. g3 Bg7 5. Bg2 O-O 6. O-O d6 7. Nc3 Qe8 8. d5 Na6 9. Rb1 Bd7 10. b4 c6 11. Qb3 Kh8 12. Ba3 Nc7 13. b5 c5 14. Rbd1 h6 15. Bb2 g5 16. e4 1/2-1/2

[Event "VII Gibtelecom Masters"]
[Site "Caleta ING"]
[Date "2009.02.01"]
[Round "6"]
[White "Harikrishna, P."]
[Black "Cmilyte, V."]
[Result "1-0"]
[WhiteElo "2673"]
[BlackElo "2497"]
[PlyCount "81"]
[EventDate "2009.01.27"]
[Source "www.chesslib.no"]
[SourceDate "2004.05.04"]

1. d4 f5 2. Nf3 Nf6 3. g3 g6 4. Bg2 Bg7 5. O-O O-O 6. b3 d6 7. Bb2 Qe8 8. c4 Na6 9. Qc2 Rb8 10. Nbd2 c5 11. Rfe1 Nb4 12. Qc1 cxd4 13. Nxd4 Bd7 14. Bc3 Nc6 15. Qb2 e5 16. Nb5 Qe7 17. Qa3 a6 18. Nxd6 e4 19. Nf1 b5 20. cxb5 axb5 21. Qc5 b4 22. Bb2 Ng4 23. Bxg7 Kxg7 24. Rad1 Rbd8 25. f3 Nge5 26. Ne3 Qe6 27. f4 Nf7 28. Rd2 Ra8 29. Red1 Ra5 30. Qc4 Ra7 31. Nb5 Qxc4 32. bxc4 Be6 33. Nxa7 Nxa7 34. g4 Nc6 35. gxf5 gxf5 36. Nd5 Na5 37. c5 Nc4 38. Nc7 Bc8 39. Rd4 Ne3 40. Rb1 Kh6 41. Rb3 1-0

[Event "Sofia-m"]
[Site "?"]
[Date "1993.??.??"]
[Round "?"]
[White "Kolev, A."]
[Black "Topalov, V."]
[Result "1/2-1/2"]
[WhiteElo "2500"]
[BlackElo "2670"]
[PlyCount "95"]
[EventDate "1993.??.??"]
[Source "www.chesslib.no"]
[SourceDate "2004.05.04"]

1. Nf3 d6 2. d4 f5 3. g3 Nf6 4. Bg2 g6 5. b3 Bg7 6. Bb2 O-O 7. O-O Qe8 8. c4 Na6 9. Qc2 h6 10. Nbd2 g5 11. Rae1 Qh5 12. Bc3 c6 13. e4 fxe4 14. Nxe4 Nxe4 15. Qxe4 Rf7 16. Qe3 Nc7 17. Nd2 Bh3 18. f3 Bxg2 19. Kxg2 Qg6 20. Re2 Re8 21. Rfe1 Kh7 22. Ba5 b6 23. Bc3 e5 24. dxe5 Bxe5 25. Bxe5 Rxe5 26. Qc3 Rxe2+ 27. Rxe2 Ne6 28. Ne4 Nc5 29. Nf2 Nd7 30. Nd3 Qf5 31. Re3 c5 32. Qd2 d5 33. g4 Qf6 34. Qc2 d4 35. Nf4+ Kh8 36. Nd5 Qd6 37. Re8+ Kg7 38. Qe4 Nf6 39. Nxf6 Rxf6 40. Re7+ Kf8 41. Rxa7 Rf7 42. Rxf7+ Kxf7 43. Qd3 Kg7 44. h3 Qf4 45. Qe2 Kf6 46. Qe8 Qd2+ 47. Kg3 Qf4+ 48. Kg2 1/2-1/2

[Event "otb"]
[Site "otb"]
[Date "2007.05.08"]
[Round "6"]
[White "Brodsky Michail"]
[Black "Khismatullin Denis"]
[Result "1/2-1/2"]
[WhiteElo "2597"]
[BlackElo "2570"]
[PlyCount "93"]
[Source "www.chesslib.no"]
[SourceDate "2004.05.04"]

1. d4 f5 2. g3 Nf6 3. Bg2 g6 4. Nf3 Bg7 5. O-O O-O 6. c4 d6 7. Nc3 e6 8. Qc2 Nc6 9. d5 Nb4 10. Qb3 Na6 11. dxe6 Nc5 12. Qc2 Bxe6 13. b3 a5 14. Ng5 Bd7 15. Bb2 Bc6 16. Nd5 Nxd5 17. cxd5 Qxg5 18. dxc6 b5 19. a3 Qe7 20. b4 axb4 21. axb4 Na4 22. Bxg7 Kxg7 23. Qd3 Qf6 24. Rac1 Rfe8 25. Rc2 Qe5 26. Bd5 Nb6 27. Ba2 Ra4 28. Rb1 Rea8 29. Qd2 Ra3 30. Rd1 R8a4 31. Rb1 h6 32. Bb3 Ra1 33. Rxa1 Rxa1+ 34. Kg2 g5 35. Ra2 Rxa2 36. Bxa2 Kf6 37. f4 gxf4 38. gxf4 Qe4+ 39. Kf2 d5 40. Qc3+ Ke6 41. e3 Nc4 42. Bb3 Kf7 43. Bd1 Qh1 44. Bf3 Qxh2+ 45. Ke1 Qg3+ 46. Ke2 Qh2+ 47. Ke1 1/2-1/2

[Event "GM"]
[Site "?"]
[Date "2005.02.15"]
[Round "2"]
[White "Istratescu Andrei"]
[Black "Nijboer Friso"]
[Result "1/2-1/2"]
[WhiteElo "2617"]
[BlackElo "2549"]
[PlyCount "26"]
[EventDate "2005.??.??"]
[Source "www.chesslib.no"]
[SourceDate "2004.05.04"]

1. c4 f5 2. Nc3 Nf6 3. d4 d6 4. Nf3 g6 5. g3 Bg7 6. Bg2 O-O 7. O-O Qe8 8. d5 a5 9. Be3 Na6 10. Qc1 Bd7 11. Bh6 Qf7 12. Bxg7 Qxg7 13. Nd4 Nc5 1/2-1/2

[Event "Terres Catal"]
[Site "?"]
[Date "1996.??.??"]
[Round "4"]
[White "Psakhis Lev"]
[Black "Garcia Ilundain David"]
[Result "1/2-1/2"]
[WhiteElo "2610"]
[BlackElo "2550"]
[PlyCount "32"]
[EventDate "1996.??.??"]
[Source "www.chesslib.no"]
[SourceDate "2004.05.04"]

1. Nf3 f5 2. g3 Nf6 3. Bg2 d6 4. d4 g6 5. O-O Bg7 6. c4 O-O 7. Bh3 c6 8. Ne1 e5 9. Nf3 Be6 10. Nc3 Na6 11. Kg2 Qe7 12. Bg5 Rad8 13. Qa4 Bf7 14. Rad1 h6 15. Bxf6 Nc5 16. Rfe1 Bxf6 1/2-1/2

[Event "Polish Extraleague"]
[Site "Lubniewice"]
[Date "2003.09.07"]
[Round "9"]
[White "Cyborowski, Lukasz"]
[Black "Markowski, Tomasz"]
[Result "0-1"]
[WhiteElo "2550"]
[BlackElo "2610"]
[PlyCount "66"]
[EventDate "2003.08.30"]
[Source "Roberto Alvarez"]
[SourceDate "2003.09.15"]

1. c4 c5 2. Nf3 g6 3. d4 Bg7 4. d5 f5 5. g3 d6 6. Bg2 Nf6 7. O-O O-O 8. Nc3 Na6 9. e4 fxe4 10. Ng5 Nc7 11. Ncxe4 Rb8 12. Re1 b5 13. Nxf6+ Rxf6 14. Ne4 Rf8 15. Nc3 bxc4 16. Bg5 Rf7 17. Qe2 Bd4 18. Be3 Qd7 19. Qd2 Bg7 20. a4 Rb4 21. h4 Ne8 22. h5 gxh5 23. Bg5 Qb7 24. Ra2 Nf6 25. Re6 Ng4 26. f4 Rb3 27. Re2 Bf5 28. Be4 Bxe4 29. Rxe4 Bd4+ 30. Kg2 Nf2 31. Re2 Rxc3 32. Rxf2 Qxd5+ 33. Kh2 Rd3 0-1

[Event "Bundesliga 9596"]
[Site "GER"]
[Date "1996.??.??"]
[Round "?"]
[White "Ftacnik, Lubomir"]
[Black "Kindermann, Stefan E S"]
[Result "1/2-1/2"]
[WhiteElo "2585"]
[BlackElo "2575"]
[PlyCount "52"]
[EventDate "1995.10.??"]
[Source "www.chesslib.no"]
[SourceDate "2004.05.04"]

1. d4 f5 2. g3 Nf6 3. Bg2 g6 4. b3 Bg7 5. Bb2 O-O 6. Nf3 d6 7. O-O Ne4 8. c4 Nc6 9. Nbd2 Nxd2 10. Qxd2 e5 11. dxe5 dxe5 12. Qd5+ Kh8 13. Qxd8 Rxd8 14. Ng5 Rd2 15. Bc3 Rc2 16. Rac1 Rxc1 17. Rxc1 e4 18. Kf1 Nd4 19. Rd1 Ne6 20. Nf7+ Kg8 21. Ne5 b6 22. f4 Bb7 23. e3 Rd8 24. Rxd8+ Nxd8 25. Ke2 Nf7 26. Nxf7 Kxf7 1/2-1/2

[Event "Marcussi Memorial"]
[Site "?"]
[Date "1996.??.??"]
[Round "?"]
[White "Merilo Jaan"]
[Black "Johnson Maurice W"]
[Result "1/2-1/2"]
[WhiteElo "2545"]
[BlackElo "2615"]
[PlyCount "84"]
[EventDate "1996.??.??"]
[Source "www.chesslib.no"]
[SourceDate "2004.05.04"]

1. d4 f5 2. g3 Nf6 3. Bg2 g6 4. Nf3 Bg7 5. O-O O-O 6. c4 d6 7. Nc3 Qe8 8. d5 Na6 9. Rb1 Nc5 10. Nd4 a5 11. b3 Bd7 12. Bb2 c6 13. e3 Nfe4 14. Nxe4 Nxe4 15. dxc6 bxc6 16. Ne2 Bxb2 17. Rxb2 Qf7 18. Qc2 Ra6 19. Nc3 Nxc3 20. Qxc3 c5 21. Rd1 Qg7 22. Qxg7+ Kxg7 23. Kf1 Rb8 24. Ke1 a4 25. Kd2 axb3 26. axb3 Kf6 27. Kc3 g5 28. Bf3 Ra3 29. Bg2 Rb6 30. Bf3 Ba4 31. Rdb1 g4 32. Bg2 Bc6 33. Bxc6 Rxc6 34. h3 h5 35. hxg4 hxg4 36. Re1 Rb6 37. e4 Rb7 38. exf5 Kxf5 39. Kc2 e6 40. Rd1 Rb6 41. Kc3 Ra8 42. Rbd2 Ra3 1/2-1/2

[Event "Biel"]
[Site "?"]
[Date "1995.??.??"]
[Round "?"]
[White "Adianto, U."]
[Black "Kindermann, S."]
[Result "1-0"]
[WhiteElo "2590"]
[BlackElo "2565"]
[PlyCount "77"]
[EventDate "1995.??.??"]
[Source "ChessBase"]
[SourceDate "1995.06.01"]

1. d4 f5 2. Nf3 Nf6 3. c4 g6 4. g3 Bg7 5. Bg2 O-O 6. O-O d6 7. Nc3 Qe8 8. d5 Na6 9. Rb1 Bd7 10. b4 c6 11. Qb3 cxd5 12. cxd5 Rc8 13. Be3 Ng4 14. Bd4 Bxd4 15. Nxd4 f4 16. Ne4 Ne5 17. Rbc1 h6 18. gxf4 Rxf4 19. e3 Rf8 20. f4 Ng4 21. Ne6 Bxe6 22. dxe6 Rxc1 23. Rxc1 Qb5 24. h3 Nf6 25. Nxd6 Qxb4 26. Nc8 Qxb3 27. axb3 Re8 28. Bxb7 Nb4 29. Nxa7 Rb8 30. Rc7 Kf8 31. e4 Ne8 32. Rd7 Nd6 33. Bd5 Nxd5 34. exd5 Rxb3 35. Nc6 Nf5 36. Nxe7 Nxe7 37. d6 Nf5 38. Rf7+ Kg8 39. Rxf5 1-0

[Event "II Open Rapid"]
[Site "Canada de Calatrava SPA"]
[Date "2007.04.07"]
[Round "6"]
[White "Miton, K."]
[Black "Herraiz Hidalgo, H."]
[Result "1-0"]
[WhiteElo "2655"]
[BlackElo "2498"]
[PlyCount "84"]
[EventDate "2007.04.06"]
[Source "www.chesslib.no"]
[SourceDate "2004.05.04"]

1. d4 f5 2. c4 Nf6 3. Nc3 d6 4. Nf3 g6 5. g3 Bg7 6. Bg2 O-O 7. O-O Qe8 8. d5 Na6 9. Be3 h6 10. Rb1 e5 11. dxe6 Bxe6 12. Nd5 c6 13. Nxf6+ Rxf6 14. Bd4 Rf7 15. Bxg7 Rxg7 16. Qc1 Kh7 17. b4 Qg8 18. b5 cxb5 19. cxb5 Nc5 20. a3 Bc4 21. Rb4 d5 22. Ne5 a5 23. bxa6 Nxa6 24. Rb6 Nc5 25. Rd1 Rc8 26. Qd2 Nd7 27. Nxd7 Rxd7 28. e3 Qg7 29. h4 h5 30. Bf3 Rc6 31. Qb4 Qf6 32. Rxb7 Qf7 33. Rxd7 Qxd7 34. Rb1 Bd3 35. Rd1 Bc4 36. Qb2 Ra6 37. Qc3 Ra7 38. Rb1 Rc7 39. Qd4 Qg7 40. Qf4 Rb7 41. Rd1 Qb2 42. Qd6 Qb6 1-0

[Event "Warsaw POL, 5. Amplico AIG"]
[Site "?"]
[Date "2005.12.18"]
[Round "1"]
[White "Gyimesi Zoltan"]
[Black "Malaniuk Vladimir P"]
[Result "1/2-1/2"]
[WhiteElo "2624"]
[BlackElo "2526"]
[PlyCount "75"]
[EventDate "2005.??.??"]
[Source "www.chesslib.no"]
[SourceDate "2004.05.04"]

1. d4 f5 2. g3 Nf6 3. Bg2 g6 4. c4 Bg7 5. Nf3 O-O 6. O-O d6 7. Nc3 Qe8 8. Nd5 Nxd5 9. cxd5 Nd7 10. Ng5 Nb6 11. Qc2 Bxd4 12. Qxc7 Qd7 13. Qc2 Qb5 14. Rd1 Bf6 15. a4 Qc4 16. Qxc4 Nxc4 17. Rb1 Bd7 18. Ne6 Rfc8 19. b3 Ne5 20. Be3 Ng4 21. Bd4 Bxd4 22. Nxd4 Rc3 23. h3 Nf6 24. Kf1 Rac8 25. Ke1 a5 26. e3 Kf7 27. Ne2 Rc2 28. Rdc1 R2c5 29. Rxc5 Rxc5 30. Rc1 Rxc1+ 31. Nxc1 Ne4 32. Nd3 Kf6 33. h4 b5 34. axb5 Bxb5 35. Nf4 h6 36. Ne6 g5 37. Nd8 Bd7 38. Nc6 1/2-1/2

[Event "Marseille"]
[Site "?"]
[Date "1990.??.??"]
[Round "?"]
[White "Hulak, K."]
[Black "Bareev, E."]
[Result "0-1"]
[WhiteElo "2560"]
[BlackElo "2590"]
[PlyCount "106"]
[EventDate "1990.??.??"]
[Source "ChessBase"]
[SourceDate "1990.07.01"]

1. d4 f5 2. g3 Nf6 3. Bg2 d6 4. Nf3 g6 5. c4 Bg7 6. O-O O-O 7. Nc3 Qe8 8. Re1 Qf7 9. b3 Ne4 10. Bb2 Nc6 11. e3 e5 12. Rc1 Nxc3 13. Bxc3 e4 14. Nd2 a5 15. a3 Bd7 16. b4 axb4 17. axb4 b5 18. f3 exf3 19. Bxf3 bxc4 20. b5 Ne7 21. Bxa8 Rxa8 22. d5 Bxc3 23. Rxc3 Nxd5 24. Rxc4 Bxb5 25. Rc1 Ra3 26. Ra1 Nxe3 27. Qf3 Rxa1 28. Rxa1 Ng4 29. Qb7 Be8 30. Nf3 Qc4 31. Re1 Ne5 32. Nxe5 Qc5+ 33. Kg2 dxe5 34. Qb2 Bc6+ 35. Kf1 Qd5 36. Qb8+ Kf7 37. Qxc7+ Kf6 38. Re3 Qh1+ 39. Ke2 Qxh2+ 40. Kd3 Be4+ 41. Kc4 Qa2+ 42. Kb4 Qf7 43. Qb6+ Qe6 44. Qb8 Kg5 45. Qd8+ Qf6 46. Qc7 Kg4 47. Rc3 h5 48. Qc5 Bg2 49. Qc4+ e4 50. Qc7 Qd4+ 51. Ka5 g5 52. Rc5 Qd2+ 53. Kb6 e3 0-1

[Event "Masters"]
[Site "Singapore SIN"]
[Date "2006.12.28"]
[Round "5"]
[White "Zhao Jun"]
[Black "Zhang Zhong"]
[Result "1/2-1/2"]
[WhiteElo "2539"]
[BlackElo "2609"]
[PlyCount "85"]
[EventDate "2006.12.26"]
[Source "www.chesslib.no"]
[SourceDate "2004.05.04"]

1. d4 f5 2. g3 Nf6 3. Bg2 g6 4. Nf3 Bg7 5. O-O O-O 6. b3 d6 7. Bb2 Qe8 8. c4 Na6 9. Nbd2 c5 10. Rc1 Bd7 11. Ne1 Rb8 12. Nd3 b6 13. e3 Nc7 14. Qe2 Bc6 15. d5 Bd7 16. e4 fxe4 17. Nxe4 Nxe4 18. Bxe4 Bxb2 19. Qxb2 Qf7 20. Rfe1 Qf6 21. Qc2 Rf7 22. Re3 b5 23. Rce1 bxc4 24. bxc4 Qd4 25. Rb1 Rb6 26. Nf4 Ne8 27. Rd1 Qf6 28. Rd2 Ng7 29. Kg2 Rf8 30. h4 Rfb8 31. Qd3 Rb2 32. Rxb2 Rxb2 33. Qa3 Rb7 34. Rb3 Rxb3 35. axb3 Bf5 36. Bxf5 Nxf5 37. Qxa7 Nxh4+ 38. gxh4 Qxf4 39. Qxe7 Qg4+ 40. Kh2 Qf4+ 41. Kg2 Qg4+ 42. Kh2 Qf4+ 43. Kg2 1/2-1/2

[Event "Sofia-tt"]
[Site "?"]
[Date "1993.??.??"]
[Round "?"]
[White "Inkiov, V."]
[Black "Topalov, V."]
[Result "1/2-1/2"]
[WhiteElo "2475"]
[BlackElo "2670"]
[PlyCount "142"]
[EventDate "1993.??.??"]
[Source "www.chesslib.no"]
[SourceDate "2004.05.04"]

1. d4 f5 2. Nf3 Nf6 3. g3 g6 4. Bg2 Bg7 5. O-O O-O 6. b3 d6 7. Bb2 Na6 8. c4 c6 9. Nbd2 Ne4 10. a3 Qe8 11. b4 Nc7 12. Qc2 Nxd2 13. Qxd2 h6 14. d5 Bxb2 15. Qxb2 cxd5 16. cxd5 Nxd5 17. Qd2 Nf6 18. Qxh6 Ne4 19. Rac1 Rf6 20. Ng5 Nxg5 21. Qxg5 a5 22. Rc7 axb4 23. axb4 Be6 24. Bxb7 Ra2 25. Bf3 Kg7 26. b5 Rb2 27. Qc1 Rb3 28. Qc6 Qxc6 29. bxc6 Rf7 30. Rc1 Kf6 31. Rb7 Rf8 32. h4 Ra3 33. c7 Bc8 34. Rb8 Ra7 35. e4 e6 36. exf5 gxf5 37. Ra8 Rxa8 38. Bxa8 Rf7 39. Bg2 e5 40. Bd5 Rg7 41. Kh2 Rh7 42. Kh3 e4 43. f4 Re7 44. Kg2 e3 45. Kf3 e2 46. Kf2 e1=Q+ 47. Rxe1 Rxc7 48. Rd1 Rc2+ 49. Ke3 Ba6 50. Rd2 Rc3+ 51. Kf2 Bd3 52. Bf3 Ra3 53. h5 Kg7 54. Be2 Bxe2 55. Rxe2 Kh6 56. Re6+ Kxh5 57. Rxd6 Rb3 58. Rd8 Kg6 59. Kg2 Rb1 60. Rd6+ Kf7 61. Kf2 Rb2+ 62. Ke3 Rg2 63. Kf3 Ra2 64. Rd3 Ke6 65. Re3+ Kf6 66. Re2 Ra3+ 67. Kg2 Ra1 68. Kf2 Rb1 69. Re1 Rb8 70. Ra1 Rc8 71. Ra6+ Kf7 1/2-1/2

[Event "GM cat. 18"]
[Site "GM cat. 18 Reggio Emilia"]
[Date "1992.??.??"]
[Round "9"]
[White "Salov, Valery B"]
[Black "Gurevich, Dmitry B"]
[Result "1-0"]
[WhiteElo "2655"]
[BlackElo "2490"]
[PlyCount "57"]
[EventDate "1992.??.??"]
[Source "www.chesslib.no"]
[SourceDate "2004.05.04"]

1. d4 d6 2. Nf3 g6 3. g3 Bg7 4. Bg2 f5 5. O-O Nf6 6. c4 O-O 7. Nc3 Qe8 8. d5 Na6 9. Rb1 e5 10. dxe6 Bxe6 11. Nd4 c6 12. b4 Bxc4 13. b5 cxb5 14. Ndxb5 Rd8 15. Ba3 d5 16. Nd6 Qe5 17. Nxc4 dxc4 18. Qc2 Nc5 19. Bxc5 Qxc5 20. Rxb7 Kh8 21. Nb5 Qe5 22. a4 a6 23. Nc3 Ng4 24. h3 Ne3 25. fxe3 Qxe3+ 26. Kh2 f4 27. Rf3 fxg3+ 28. Rxg3 Be5 29. Rxh7+ 1-0

[Event "Campionato europeo 2007"]
[Site "Dresda GER"]
[Date "2007.04.07"]
[Round "5.52"]
[White "Dziuba, Marcin"]
[Black "Wojtaszek, Radoslaw"]
[Result "1/2-1/2"]
[WhiteElo "2525"]
[BlackElo "2620"]
[PlyCount "38"]
[EventDate "2007.04.03"]
[Source "www.chesslib.no"]
[SourceDate "2004.05.04"]

1. d4 f5 2. c4 Nf6 3. g3 g6 4. Bg2 Bg7 5. Nf3 O-O 6. O-O d6 7. Nc3 e6 8. b3 Nc6 9. Bb2 e5 10. e3 e4 11. Nd2 Ne7 12. f4 c5 13. d5 Bd7 14. a4 h6 15. Qc2 Kh7 16. Nd1 Qe8 17. Nf2 Nh5 18. Bxg7 Nxg7 19. h3 Ng8 1/2-1/2

[Event "Linares zt"]
[Site "Linares"]
[Date "1995.??.??"]
[Round "6"]
[White "Sosonko, Gennadi"]
[Black "Illescas Cordoba, Miguel"]
[Result "0-1"]
[WhiteElo "2525"]
[BlackElo "2620"]
[PlyCount "66"]
[EventDate "1995.11.??"]
[Source "ChessBase"]

1. d4 f5 2. g3 Nf6 3. Bg2 g6 4. b3 Bg7 5. Bb2 O-O 6. Nf3 d6 7. O-O Qe8 8. c4 Ne4 9. Nbd2 Nxd2 10. Qxd2 Nd7 11. d5 Nf6 12. Nd4 Bd7 13. b4 c6 14. dxc6 bxc6 15. b5 Ne4 16. Bxe4 fxe4 17. Nxc6 Bxb2 18. Qxb2 Bxc6 19. bxc6 Qxc6 20. Qb5 Rac8 21. Qg5 Rc7 22. Rac1 Rf5 23. Qe3 Rc5 24. f3 Rxc4 25. Rxc4 Qxc4 26. fxe4 Qc5 27. Kf2 Qxe3+ 28. Kxe3 Rc3+ 29. Kd4 Rc2 30. Kd3 Rxa2 31. e5 dxe5 32. g4 a5 33. g5 Ra4 0-1